Introduction to hydrogeology / (Record no. 330119)

000 -LEADER
fixed length control field 01156cam a2200265 a 4500
001 - CONTROL NUMBER
control field 12489701
003 - CONTROL NUMBER IDENTIFIER
control field NUST
005 - DATE AND TIME OF LATEST TRANSACTION
control field 20170608132104.0
008 - FIXED-LENGTH DATA ELEMENTS--GENERAL INFORMATION
fixed length control field 010801s2002 maua b 001 0 eng
010 ## - LIBRARY OF CONGRESS CONTROL NUMBER
LC control number 2001044509
020 ## - INTERNATIONAL STANDARD BOOK NUMBER
International Standard Book Number 0072326220
040 ## - CATALOGING SOURCE
Original cataloging agency DLC
Transcribing agency DLC
Modifying agency DLC
042 ## - AUTHENTICATION CODE
Authentication code pcc
050 00 - LIBRARY OF CONGRESS CALL NUMBER
Classification number GB1003.2
Item number .D46 2002
082 00 - DEWEY DECIMAL CLASSIFICATION NUMBER
Classification number 551.49 DEM
Edition number 21
100 1# - MAIN ENTRY--PERSONAL NAME
Personal name Deming, David,
Dates associated with a name 1954-
9 (RLIN) 2331
245 10 - TITLE STATEMENT
Title Introduction to hydrogeology /
Statement of responsibility, etc. David Deming.
260 ## - PUBLICATION, DISTRIBUTION, ETC.
Place of publication, distribution, etc. Boston :
Name of publisher, distributor, etc. McGraw-Hill,
Date of publication, distribution, etc. c2002.
300 ## - PHYSICAL DESCRIPTION
Extent xi, 468 p. :
Other physical details ill. ;
Dimensions 25 cm.
500 ## - GENERAL NOTE
General note H.B
504 ## - BIBLIOGRAPHY, ETC. NOTE
Bibliography, etc. note Includes bibliographical references (p. 441-457).
650 #0 - SUBJECT ADDED ENTRY--TOPICAL TERM
Topical term or geographic name entry element Hydrogeology.
9 (RLIN) 2321
856 41 - ELECTRONIC LOCATION AND ACCESS
Materials specified Table of contents
Uniform Resource Identifier <a href="http://www.loc.gov/catdir/toc/mh051/2001044509.html">http://www.loc.gov/catdir/toc/mh051/2001044509.html</a>
856 42 - ELECTRONIC LOCATION AND ACCESS
Materials specified Publisher description
Uniform Resource Identifier <a href="http://www.loc.gov/catdir/description/mh021/2001044509.html">http://www.loc.gov/catdir/description/mh021/2001044509.html</a>
906 ## - LOCAL DATA ELEMENT F, LDF (RLIN)
a 7
b cbc
c orignew
d 1
e ocip
f 20
g y-gencatlg
942 ## - ADDED ENTRY ELEMENTS (KOHA)
Source of classification or shelving scheme
Koha item type Book
Call number prefix 551.49 DEM
Holdings
Withdrawn status Lost status Source of classification or shelving scheme Damaged status Not for loan Collection code Permanent Location Current Location Shelving location Date acquired Total Checkouts Full call number Barcode Date last seen Price effective from Koha item type
            Institute of Environmental Science and Engineering (IESE) Institute of Environmental Science and Engineering (IESE) General Stacks 06/08/2017   551.49 DEM IESE-1225 06/08/2017 06/08/2017 Book
© 2023 Central Library, National University of Sciences and Technology. All Rights Reserved.